Cuarto informe del estado de la administración pública de Jalisco, que rinde ante la H. XLI Legislatura el C. Gobernador Constitucional Lic. Agustín Yáñez el día 1o de febrero de 1957 /

Documento informativo en que el gobernador del Estado de Jalisco, Agustín Yáñez da cuenta de los logros de su administración. Contiene información sobre: Agricultura; Salubridad y asistencia; Educación y cultura; Comunicaciones; Obras públicas; Promoción económica y Hacienda pública; además, incluye...

Бүрэн тодорхойлолт

-д хадгалсан:
Номзүйн дэлгэрэнгүй
Байгууллагын зохиогч: Jalisco. Gobernador. 1953-1959 (Yáñez)
Бусад зохиолчид: Yáñez, Agustín (autor) (autor)
Формат: Ном
Хэл сонгох:испани
Хэвлэсэн: Guadalajara, México : Gobierno del Estado de Jalisco, 1957
Нөхцлүүд:
Шошгууд: Шошго нэмэх
Шошго байхгүй, Энэхүү баримтыг шошголох эхний хүн болох!

MARC

LEADER 00000nam^a2200000^a^4500
001 000095558
005 20250521000000.0
009 20260310092914.398
037 |a Acervo ITESO - Biblioteca 
041 |a ESP 
082 |a 320. 972  |b INF JAL 1957 
110 |a Jalisco.  |b Gobernador. 1953-1959 (Yáñez) 
240 1 1 |a [Informe de gobierno de Agustín Yáñez] 
245 1 0 |a Cuarto informe del estado de la administración pública de Jalisco, que rinde ante la H. XLI Legislatura el C. Gobernador Constitucional Lic. Agustín Yáñez el día 1o de febrero de 1957 /  |c A. Yáñez. 
264 1 |a Guadalajara, México :  |b Gobierno del Estado de Jalisco,  |c 1957 
300 |a 81 p., 3 láminas 
336 |a texto  |b txt  |2 rdacontenido 
337 |a sin mediación  |b n  |2 rdamedio 
338 |a volumen  |b nc  |2 rdasoporte 
520 |a Documento informativo en que el gobernador del Estado de Jalisco, Agustín Yáñez da cuenta de los logros de su administración. Contiene información sobre: Agricultura; Salubridad y asistencia; Educación y cultura; Comunicaciones; Obras públicas; Promoción económica y Hacienda pública; además, incluye un anexo estadístico sobre el movimiento del tesoro durante 1956 y la contestación al informe del presidente de la XLI legislatura del Estado, Lic. Diego Santacruz. 
649 |a XX 
650 |a Gobernadores Jaliscienses -  |x Informes 
650 |a Gobernadores -  |z México -  |x Informes 
650 |a Políticos -  |z Jalisco -  |x Informes 
650 |a Políticos -  |z México -  |x Informes 
650 |a Informe de Gobierno -  |z Jalisco 
650 |a Informe de Gobierno -  |z México 
650 |a Agricultura -  |z Jalisco 
650 |a Cultura -  |z Jalisco 
650 |a Educación -  |z Jalisco 
650 |a Salud Pública -  |z Jalisco 
650 |a Comunicaciones y Tránsito -  |z Jalisco 
650 |a Obras Públicas -  |z Jalisco 
650 |a Servicios Públicos -  |z Jalisco 
650 |a Política Económica -  |z Jalisco 
650 |a Política Social -  |z Jalisco 
650 |a Desarrollo Económico-Social -  |z Jalisco 
650 |a Desarrollo Económico-Social -  |z Jalisco 
650 |a Desarrollo Urbano -  |z Jalisco 
650 |a Economía -  |z Jalisco -  |x Historia -  |y 1952-1958 
650 |a Economía -  |z México -  |x Historia -  |y 1952-1958 
650 |a Administración Pública -  |z Jalisco -  |x Historia -  |y 1952-1958 -  |x Tema Principal 
650 |a Administración Pública -  |z Jalisco -  |x Historia -  |y Siglo XX 
650 |a Administración Pública -  |z México -  |x Historia -  |y 1952-1958 
650 |a Administración Pública -  |z México -  |x Historia -  |y Siglo XX 
650 |a Política -  |z Jalisco -  |x Historia -  |y 1952-1958 -  |x Tema Principal 
650 |a Política -  |z Jalisco -  |x Historia -  |y Siglo XX 
650 |a Política -  |z México -  |x Historia -  |y 1952-1958 
650 |a Política -  |z México -  |x Historia -  |y Siglo XX 
700 |a Yáñez, Agustín  |e (autor) 
910 |a Fondo Salvador Reynoso Reynoso 
920 |a Impresos - Libros 
930 |a Fondos Especiales 
905 |a 112 
901 |a 0500030304  |b IT2  |c ESP  |u 20250521 
901 |a 0500030301  |b IT2  |c ESP  |u 20250521 
902 |a https://opac.biblio.iteso.mx/vufind/Record/000095558